MARC details
| 000 -CABECERA |
| campo de control de longitud fija |
01645nam a22002777a 4500 |
| 003 - IDENTIFICADOR DEL NÚMERO DE CONTROL |
| campo de control |
OSt |
| 005 - FECHA Y HORA DE LA ÚLTIMA TRANSACCIÓN |
| campo de control |
20260515115939.0 |
| 008 - DATOS DE LONGITUD FIJA--INFORMACIÓN GENERAL |
| campo de control de longitud fija |
260121b |||||||| |||| 00| 0 eng d |
| 022 ## - NÚMERO INTERNACIONAL NORMALIZADO PARA PUBLICACIONES SERIADAS |
| Número Internacional Normalizado para Publicaciones Seriadas |
1460-8545 |
| 022 ## - NÚMERO INTERNACIONAL NORMALIZADO PARA PUBLICACIONES SERIADAS |
| Número Internacional Normalizado para Publicaciones Seriadas |
1468-2370 |
| 040 ## - FUENTE DE LA CATALOGACIÓN |
| Centro catalogador/agencia de origen |
TBS |
| Lengua de catalogación |
EN |
| Centro/agencia transcriptor |
TBS |
| 041 ## - CÓDIGO DE LENGUA |
| Código de lengua del texto/banda sonora o título independiente |
eng |
| 100 ## - ENTRADA PRINCIPAL--NOMBRE DE PERSONA |
| Nombre de persona |
Peng, Mike W. |
| 9 (RLIN) |
22139 |
| Término indicativo de función/relación |
author |
| 245 ## - MENCIÓN DE TÍTULO |
| Título |
Current debates in global strategy |
| Mención de responsabilidad, etc. |
/ Mike W. Peng, Erin G. Pleggenkuhle-Miles. |
| 260 ## - PUBLICACIÓN, DISTRIBUCIÓN, ETC. |
| Nombre del editor, distribuidor, etc. |
International Journal of Management Reviews, |
| Fecha de publicación, distribución, etc. |
2009. |
| 300 ## - DESCRIPCIÓN FÍSICA |
| Extensión |
51-68 pages. |
| 362 ## - FECHAS DE PUBLICACIÓN Y/O DESIGNACIÓN SECUENCIAL |
| Fecha de publicación y/o designación secuencial |
International journal of management reviews : IJMR, 2009-03, Vol.11 (1), p.51-68 |
| 520 ## - SUMARIO, ETC. |
| Sumario, etc. |
Debates help drive research forward. This paper is unique in its review of four current debates in the global strategy arena: (1) cultural vs institutional distance; (2) global vs regional geographic diversification; (3) convergence vs divergence in corporate governance; and (4) domestic vs overseas corporate social responsibility. For each debate, the history is tracked and the emerging tension highlighted. By introducing both sides of four lively and timely debates, the paper provides an innovative way of reviewing the literature and helping to advance the field. It is argued that an underlying theme connecting these four diverse debates is the institution-based view of global strategy. |
| 630 #0 - PUNTO DE ACCESO ADICIONAL DE MATERIA--TÍTULO UNIFORME |
| Título uniforme |
MSc International Business |
| 9 (RLIN) |
26977 |
| 650 #0 - PUNTO DE ACCESO ADICIONAL DE MATERIA--TÉRMINO DE MATERIA |
| Término de materia o nombre geográfico como elemento de entrada |
Corporate governance |
| 9 (RLIN) |
7297 |
| 650 #0 - PUNTO DE ACCESO ADICIONAL DE MATERIA--TÉRMINO DE MATERIA |
| Término de materia o nombre geográfico como elemento de entrada |
Strategic planning |
| 9 (RLIN) |
3573 |
| 650 #0 - PUNTO DE ACCESO ADICIONAL DE MATERIA--TÉRMINO DE MATERIA |
| Término de materia o nombre geográfico como elemento de entrada |
Globalization |
| 9 (RLIN) |
2394 |
| 700 ## - ENTRADA AGREGADA--NOMBRE PERSONAL |
| Nombre de persona |
Pleggenkuhle-Miles, Erin G. |
| 9 (RLIN) |
27004 |
| Término indicativo de función/relación |
author |
| 856 ## - LOCALIZACIÓN Y ACCESO ELECTRÓNICOS |
| Identificador Uniforme del Recurso |
<a href="https://research-ebsco-com.hub.tbs-education.fr/c/q5dvh4/viewer/pdf/lhbvjlytpf">https://research-ebsco-com.hub.tbs-education.fr/c/q5dvh4/viewer/pdf/lhbvjlytpf</a> |
| 942 ## - ELEMENTOS DE ENTRADA AGREGADA (KOHA) |
| Fuente del sistema de clasificación o colocación |
Clasificación de Library of Congress |